01192agaaa2200277 45000010005000000030009000050050017000140070009000310080040000400400023000800410013001031000043001161300026001592450143001852500022003282600131003503000034004815110062005155200075005775380016006525460013006686500052006817000063007337000063007967000055008591539IT-RoPAU20220918181258.0d cvaizq50131s9999||||xx ||| | || ||und|| aIT-RoPAUcIT-RoPAU aITALIANO aVadim RogergCodice regista SPICS: 227 aTRE PASSI NEL DELIRIO aTRE PASSI NEL DELIRIOcProdotto da: Grimaldi Alberto Diretto da: Vadim RogerpTRE PASSI NEL DELIRIO (Rif. Codice opera principale : 21539) aEdizione Standard aROMA - PARIGI (ITALIA)bEUROPEE ASS. - MARCEAU - COCINOR / Distribuzione: RAIg"1968 (1° ed.: 1982 ; Ed. Lingua Orig.: 1968)" aVHSbsonoro, col.c121 minuti a"Bardot Brigitte; Delon Alain; Fonda Jane; Stamp Terence" aTRE EPISODI DEL TERRORE CHE SI RIFANNO AD ALCUNI RACCONTI DI E. A. POE aPAL, STEREO aITALIANO aORROREeFILMS [VHS]xCodice MATERIA SPICS: 9960 aFellini Federico e(soggetto)gCodice Soggetto SPICS: 6747 aMalle Louise(regista)gCodice secondo regista SPICS: 4293 aVadim Roger e(regista)gCodice regista SPICS: 227